000 02234nam a2200277Ia 4500
003 Ost
005 20260507075223.0
008 260507s9999||||xx |||||||||||||| ||und||
020 _a41893399579
040 _cfsecg
041 _aara
082 _a330
100 _aبظاظو، ابراهيم خليل
_eمؤلف
245 0 _aالجغرافيا السياحية :
_bتطبيقات على الوطن العربي /
_c ابراهيم خليل بظاظو
260 _aعمان:
_bمؤسسة الوراق,
_c2009
300 _a611 صفحة؛
_bإيضاحات ؛
_c24 سم
504 _aمراجع ص.593 ؛ اشكال
520 _aالتطور التاريخي لصناعة السياحة ، الجغرلفيا السياحية نظرة تحليلية و معالجة علمية ، الخرائط السياحية ، جغرافية الوطن العربي ، المقومات الجغرافية لصناعة السياحة في الوطن العربي ، تحليل اتجاهات الحركة السياحية في الوطن العربي ، التوزيع الجغرافي لأشكال السياحة في الوطن العربي ، استخدامات نظام المعلومات الجغرافي GIS في السياحة ، التوزيع الجغرافي لمواقع التراث العالمي في الوطن العربي و لمواقع عجائب الدنيا في العالم ، التربية السياحية في الوطن العربي ، الاطار العام للإستراتيجية السياحية العربية ، مستقبل السياحة في الوطن العربي في ظل التغيرات العالمية المعاصرة ، العلاقة بين الانسان و السياحة و البيئة ، المحميات الطبيعية ، التأثيرات الجغرافية على صناعة السياحة ، حالات دراسية في الجغرافيا السياحية في أقطار الوطن العربي .
653 _aالاماكن السياحية
653 _aالبلدان العربية
653 _aالجغرافيا السياحية
653 _aالسياحة
653 _aالوطن العربي
653 _aصناعة السياحة
942 _cكتاب
999 _c43529
_d43529